书目信息 |
| 题名: |
混凝土外加剂及建筑防水材料应用指南
|
|
| 作者: | 马清浩 编 | |
| 分册: | ||
| 出版信息: | 武汉 中国建材工业出版社 1998.06 |
|
| 页数: | 439页 | |
| 开本: | 32开 | |
| 丛书名: | ||
| 单 册: | ||
| 中图分类: | TU528.042 | |
| 科图分类: | ||
| 主题词: | 建筑材料:非金属材料 | |
| 电子资源: | ||
| ISBN: | 7-80090-721-X | |
| 000 | 00629nam0 2200193 45 | |
| 001 | 0007172283 | |
| 005 | 20000717225848.5 | |
| 010 | @a7-80090-721-X@d36.00元 | |
| 100 | @a20000717d1998 km y0chiy0120 ea | |
| 101 | 0 | @achi |
| 105 | @a z 000yy | |
| 200 | 1 | @a混凝土外加剂及建筑防水材料应用指南@AHun Ning Tu Wai Jia Ji Ji Jian Zhu Fang Shui Cai Liao Ying Yong ZhiNan@f马清浩编@FMa Qing Hao Bian |
| 210 | @a武汉@c中国建材工业出版社@d1998.06 | |
| 215 | @a439页@d32开 | |
| 606 | 0 | @a建筑材料:非金属材料 |
| 690 | @aTU528.042@v3 | |
| 701 | 0 | @a马清浩@4编 |
| 801 | @aCN@bPftUser@c20000717 | |
| 905 | @dTU528.042@eM328/1@b74366-375@f10 | |
| 混凝土外加剂及建筑防水材料应用指南/马清浩编.-武汉:中国建材工业出版社,1998.06 |
| 439页;32开 |
| ISBN 7-80090-721-X:36.00元 |
| ● |
| 相关链接 |
|
|
|
正题名:混凝土外加剂及建筑防水材料应用指南
索取号:TU528.042/M328/1
 
预约/预借
| 序号 | 登录号 | 条形码 | 馆藏地/架位号 | 状态 | 备注 |
| 1 | 74366 | 200743669 | 自科二线404/404自科库 3排4列5层/ [索取号:TU528.042/M328/1] | 在馆 | |
| 2 | 74367 | 200743678 | 建筑库201/201建筑库 8排1列2层/ [索取号:TU528.042/M328/1] | 在馆 | |
| 3 | 74368 | 200743687 | 自科二线404/404自科库 4排1列1层/ [索取号:TU528.042/M328/1] | 在馆 | |
| 4 | 74369 | 200743696 | 建筑库201/201建筑库 8排1列2层/ [索取号:TU528.042/M328/1] | 在馆 | |
| 5 | 74370 | 200743703 | 建筑库201/201建筑库 8排1列2层/ [索取号:TU528.042/M328/1] | 在馆 | |
| 6 | 74371 | 200743712 | 建筑库201/201建筑库 8排1列2层/ [索取号:TU528.042/M328/1] | 在馆 | |
| 7 | 74372 | 200743721 | 建筑库201/201建筑库 8排1列2层/ [索取号:TU528.042/M328/1] | 在馆 | |
| 8 | 74373 | 200743730 | 自科二线404/404自科库 1排3列3层/ [索取号:TU528.042/M328/1] | 在馆 | |
| 9 | 74374 | 200743749 | 自科二线404/404自科库 4排1列1层/ [索取号:TU528.042/M328/1] | 在馆 | |
| 10 | 74375 | 200743758 | 建筑库201/201建筑库 8排1列2层/ [索取号:TU528.042/M328/1] | 在馆 |